000 00342nam a2200145Ia 4500
005 20251222144647.0
008 251222s9999||||xx |||||||||||||| ||spa||
020 _a978-607-481-381-4
082 _a303.34/L99/2010
100 _aLussier N., Robert
245 0 _aLiderazgo:
250 _a4a.ed.
264 _bCengage Learning
942 _cLIB
999 _c16896
_d16896